[Event "Titled Tuesday intern op 6th Nov"]
[Site "Chess.com INT"]
[Date "2018.11.06"]
[Round "1"]
[White "Korba, Nicky"]
[Black "Bartholomew, John"]
[Result "0-1"]
[WhiteElo "2108"]
[BlackElo "2439"]
[PlyCount "86"]
[EventDate "2018.11.06"]
[EventType "swiss (blitz)"]
[EventRounds "10"]
[EventCountry "USA"]
[SourceTitle "EXT 2021"]
[Source "ChessBase"]
[SourceDate "2020.10.23"]
[SourceVersion "1"]
[SourceVersionDate "2020.10.23"]
[SourceQuality "1"]

1. e4 c5 2. Nf3 d6 3. d4 cxd4 4. Qxd4 Nc6 5. Bb5 Bd7 6. Bxc6 Bxc6 7. Bg5 Nf6 8. Nc3 e6 9. 0-0-0 Be7 10. Rhe1 0-0 11. Qd2 Qc7 12. Nd4 a6 13. f3 Rac8 14. g4 b5 15. h4 b4 16. Nce2 a5 17. Bxf6 Bxf6 18. g5 Be7 19. h5 Bd7 20. Kb1 a4 21. Rc1 a3 22. b3 d5 23. exd5 exd5 24. c4 bxc3 25. Rxc3 Qa5 26. Qd3 Bxg5 27. f4 Bxf4 28. Rg1 Be5 29. h6 g6 30. Rxc8 Rxc8 31. Qe3 Re8 32. Rc1 Qb6 33. Qd2 Qf6 34. Qd3 Bg4 35. Rd1 Bxd4 36. Qxd4 Qxd4 37. Rxd4 Bxe2 38. Rxd5 f5 39. Ra5 f4 40. Rxa3 f3 41. Ra7 f2 42. Ra6 Bxa6 43. Kb2 f1Q 0-1

[Event "Titled Tuesday intern op 2nd Dec"]
[Site "Chess.com INT"]
[Date "2017.12.05"]
[Round "1"]
[White "Korba, Nicky"]
[Black "Oparin, Grigoriy"]
[Result "0-1"]
[WhiteElo "2131"]
[BlackElo "2602"]
[PlyCount "76"]
[EventDate "2017.12.05"]
[EventType "swiss (blitz)"]
[EventRounds "10"]
[EventCountry "USA"]
[SourceTitle "EXT 2021"]
[Source "ChessBase"]
[SourceDate "2020.10.23"]
[SourceVersion "1"]
[SourceVersionDate "2020.10.23"]
[SourceQuality "1"]

1. e4 c5 2. Nf3 Nc6 3. d4 cxd4 4. Nxd4 Nf6 5. Nc3 e5 6. Ndb5 d6 7. Bg5 a6 8. Na3 b5 9. Nd5 Be7 10. Bxf6 Bxf6 11. c4 b4 12. Nc2 a5 13. g3 0-0 14. h4 a4 15. b3 Be6 16. Bh3 Bxd5 17. cxd5 Nd4 18. Nxd4 exd4 19. 0-0 axb3 20. axb3 Ra3 21. Rb1 Re8 22. Qd3 Qe7 23. Rfe1 Ra2 24. Rbc1 g6 25. Rc2 Rea8 26. Kg2 h5 27. Ree2 Rxc2 28. Rxc2 Kg7 29. f4 Ra1 30. Re2 Rc1 31. e5 dxe5 32. fxe5 Bxe5 33. Qxd4 f6 34. Qb6 Rc3 35. Qe6 Rxg3+ 36. Kf2 Qc5+ 37. Ke1 Qc1+ 38. Kf2 Qg1# 0-1

[Event "Titled Tuesday intern op 6th June"]
[Site "Chess.com INT"]
[Date "2017.06.06"]
[Round "5"]
[White "Korba, Nicky"]
[Black "Dinev, Dejan"]
[Result "1-0"]
[WhiteElo "2171"]
[BlackElo "2288"]
[PlyCount "129"]
[EventDate "2017.06.06"]
[EventType "swiss (blitz)"]
[EventRounds "10"]
[EventCountry "USA"]
[SourceTitle "EXT 2021"]
[Source "ChessBase"]
[SourceDate "2020.10.23"]
[SourceVersion "1"]
[SourceVersionDate "2020.10.23"]
[SourceQuality "1"]

1. d4 d6 2. e4 Nf6 3. Nc3 g6 4. Nf3 Bg7 5. Be2 0-0 6. 0-0 c6 7. a4 a5 8. h3 Na6 9. Be3 Nb4 10. Nd2 e5 11. dxe5 dxe5 12. Nc4 Qe7 13. Bb6 Ra6 14. Bxa5 Be6 15. Bxb4 Qxb4 16. Nxe5 Raa8 17. Nd3 Qd4 18. Nf4 Qb4 19. Nxe6 fxe6 20. Qd3 Rfd8 21. Qc4 Qxb2 22. Bd3 Nd5 23. exd5 exd5 24. Nxd5 cxd5 25. Qb5 Qxb5 26. Bxb5 Bxa1 27. Rxa1 Kf7 28. Rd1 Ke7 29. Re1+ Kd6 30. Rd1 Kc5 31. Rd3 Rac8 32. Rb3 d4 33. Bd3 Rc7 34. Rb5+ Kd6 35. Be4 Rdd7 36. f4 Rc5 37. Rb4 Ke7 38. Kf2 Rc3 39. Bd3 Ra3 40. Kf3 Kd8 41. g4 Ra1 42. f5 g5 43. f6 Rf7 44. Rxd4+ Kc7 45. Bf5 Rxf6 46. Rd7+ Kb6 47. Rxh7 Rxa4 48. Rg7 Rf4+ 49. Kg3 R4xf5 50. gxf5 Rxf5 51. Kg4 Rc5 52. Rg6+ Ka7 53. Rxg5 Rxc2 54. h4 Ka6 55. h5 Rg2+ 56. Kf5 Rh2 57. Kg6 b5 58. h6 b4 59. h7 b3 60. Rg3 b2 61. Rb3 Ka5 62. Rxb2 Rh3 63. Rg2 Kb4 64. Kg7 Kc4 65. h8Q 1-0

[Event "Titled Tuesday intern op 6th Sept"]
[Site "Chess.com INT"]
[Date "2016.09.06"]
[Round "7"]
[White "Korba, Nicky"]
[Black "Richter, Paul"]
[Result "1-0"]
[WhiteElo "2139"]
[BlackElo "2158"]
[PlyCount "89"]
[EventDate "2016.09.06"]
[EventType "swiss (blitz)"]
[EventRounds "9"]
[EventCountry "USA"]
[SourceTitle "EXT 2021"]
[Source "ChessBase"]
[SourceDate "2020.10.23"]
[SourceVersion "1"]
[SourceVersionDate "2020.10.23"]
[SourceQuality "1"]

1. e4 c5 2. Nf3 d6 3. d4 cxd4 4. Qxd4 Nc6 5. Bb5 Bd7 6. Bxc6 bxc6 7. c4 e5 8. Qd3 Nf6 9. Nc3 Be7 10. h3 Qc7 11. b3 0-0 12. Bg5 Be6 13. 0-0 h6 14. Bxf6 Bxf6 15. Rfd1 Be7 16. Rac1 Qb7 17. c5 Rad8 18. Qe2 f6 19. cxd6 Rxd6 20. Na4 Rfd8 21. Rxd6 Bxd6 22. Nc5 Bxc5 23. Rxc5 Qb6 24. Qc2 Rd6 25. Kh2 Kh7 26. Qc3 Qa6 27. Ra5 Qe2 28. Qe1 Qc2 29. Rxa7 Rd7 30. Rxd7 Bxd7 31. Qd2 Qxd2 32. Nxd2 Kg8 33. Nc4 Kf8 34. Nb6 Be6 35. a4 Ke7 36. a5 Kd8 37. b4 Kc7 38. Na4 Bf7 39. Nc5 Bc4 40. Kg3 Bf1 41. h4 g6 42. Kf3 h5 43. g3 Kd6 44. a6 Kc7 45. a7 1-0

[Event "Titled Tuesday intern op1 5th July"]
[Site "Chess.com INT"]
[Date "2016.07.05"]
[Round "7"]
[White "Korba, Nicky"]
[Black "Smith, Best"]
[Result "0-1"]
[WhiteElo "2136"]
[BlackElo "2295"]
[PlyCount "91"]
[EventDate "2016.07.05"]
[EventType "swiss (blitz)"]
[EventRounds "9"]
[EventCountry "USA"]
[SourceTitle "EXT 2021"]
[Source "ChessBase"]
[SourceDate "2020.10.23"]
[SourceVersion "1"]
[SourceVersionDate "2020.10.23"]
[SourceQuality "1"]

1. e4 c5 2. Nf3 e6 3. d4 cxd4 4. Nxd4 Nf6 5. Nc3 Nc6 6. Ndb5 d6 7. Bf4 e5 8. Bg5 a6 9. Na3 b5 10. Nd5 Be7 11. Bxf6 Bxf6 12. c4 b4 13. Nc2 0-0 14. h4 Rb8 15. b3 a5 16. g3 Be6 17. Qd3 Rc8 18. Bh3 Nb8 19. Kf1 Nd7 20. Nce3 Nc5 21. Qc2 g6 22. Kg2 Bg7 23. h5 Qg5 24. hxg6 fxg6 25. Bxe6+ Nxe6 26. Rh4 Nd4 27. Qd1 h5 28. Rc1 Nf3 29. Rh3 Nd4 30. Rh4 Rf7 31. Rh3 Bh6 32. Qd2 Rcf8 33. Rf1 Ne6 34. Rh2 Nc5 35. Qc2 Kh7 36. Rh4 Ne6 37. Rh2 Nf4+ 38. Kh1 Nxd5 39. exd5 Qf6 40. Kg2 Bxe3 41. Rxh5+ Kg7 42. Rh4 Qf3+ 43. Kh2 Bxf2 44. Rh3 Bxg3+ 45. Rxg3 Rh8+ 46. Rh3 0-1

[Event "US Open-116"]
[Site "Phoenix"]
[Date "2015.08.02"]
[Round "2"]
[White "Korba, Nicky"]
[Black "Wyzywany, Annastasia M"]
[Result "1-0"]
[WhiteElo "2133"]
[BlackElo "1662"]
[PlyCount "71"]
[EventDate "2015.08.01"]
[EventType "swiss"]
[EventRounds "9"]
[EventCountry "USA"]
[SourceTitle "CBM 167 Extra"]
[Source "ChessBase"]
[SourceDate "2015.09.14"]
[SourceVersion "1"]
[SourceVersionDate "2015.09.14"]
[SourceQuality "1"]

1. e4 e5 2. Nf3 Nc6 3. Bc4 Bc5 4. c3 Nf6 5. d3 a6 6. 0-0 0-0 7. h3 h6 8. Nbd2 d5 9. exd5 Nxd5 10. Ne4 Be7 11. Re1 Be6 12. Ng3 Bd6 13. Nf5 Bc5 14. d4 exd4 15. N5xd4 Nxd4 16. cxd4 Bd6 17. Ne5 c6 18. Bd3 Qf6 19. Ng4 Qh4 20. Qf3 h5 21. Ne5 Qxd4 22. Re4 Qc5 23. Bg5 Bxe5 24. Rxe5 g6 25. Bh6 Qd6 26. Qxh5 Nf6 27. Qg5 Nh7 28. Qg3 Bd5 29. Bxf8 Rxf8 30. h4 Kg7 31. h5 Rd8 32. Rae1 Bxa2 33. hxg6 fxg6 34. Re7+ Bf7 35. Bc4 Qxg3 36. Rxf7+ 1-0

[Event "Arlington DC op 3rd"]
[Site "Arlington"]
[Date "2015.06.30"]
[Round "9"]
[White "Korba, Nicky"]
[Black "El Debs, Felipe de Cresce"]
[Result "0-1"]
[WhiteElo "2117"]
[BlackElo "2515"]
[PlyCount "96"]
[EventDate "2015.06.25"]
[EventType "swiss"]
[EventRounds "9"]
[EventCountry "USA"]
[SourceTitle "CBM 167 Extra"]
[Source "ChessBase"]
[SourceDate "2015.09.14"]
[SourceVersion "1"]
[SourceVersionDate "2015.09.14"]
[SourceQuality "1"]

1. e4 c5 2. Nf3 g6 3. d4 cxd4 4. Nxd4 Bg7 5. Nb3 Nc6 6. Be2 Nf6 7. Nc3 d6 8. 0-0 0-0 9. Re1 a6 10. Bf1 Bg4 11. f3 Be6 12. Bg5 Nd7 13. Be3 Rc8 14. Nd4 Nxd4 15. Bxd4 Bxd4+ 16. Qxd4 Qb6 17. Qxb6 Nxb6 18. Rac1 Rc7 19. Bd3 Rfc8 20. Ne2 Na4 21. Rb1 Nc5 22. a3 Bb3 23. Nc1 Nxd3 24. cxd3 Ba4 25. b3 Bd7 26. Ne2 Rc2 27. Kf2 Ra2 28. Ra1 Rb2 29. Rab1 Rcc2 30. Rxb2 Rxb2 31. b4 Rb3 32. Rc1 Rxd3 33. Rc7 Bb5 34. Nf4 Rxa3 35. Rxb7 Ra2+ 36. Kg1 e6 37. h4 h6 38. Rb8+ Kg7 39. Rb7 Kf6 40. g4 Rb2 41. Nh3 g5 42. f4 gxh4 43. g5+ hxg5 44. Nxg5 e5 45. Rxf7+ Kg6 46. Rf5 Bd7 47. Rf7 Bg4 48. Ra7 exf4 0-1

[Event "Arlington DC op 3rd"]
[Site "Arlington"]
[Date "2015.06.28"]
[Round "7"]
[White "Korba, Nicky"]
[Black "Colas, Joshua"]
[Result "1-0"]
[WhiteElo "2117"]
[BlackElo "2241"]
[PlyCount "89"]
[EventDate "2015.06.25"]
[EventType "swiss"]
[EventRounds "9"]
[EventCountry "USA"]
[SourceTitle "CBM 167 Extra"]
[Source "ChessBase"]
[SourceDate "2015.09.14"]
[SourceVersion "1"]
[SourceVersionDate "2015.09.14"]
[SourceQuality "1"]

1. d4 Nf6 2. c4 e6 3. Nc3 Bb4 4. e3 0-0 5. Bd3 c5 6. Nf3 d5 7. 0-0 cxd4 8. exd4 dxc4 9. Bxc4 b6 10. Bg5 Bb7 11. a3 Be7 12. Re1 Nc6 13. Rc1 Na5 14. Ba2 h6 15. Bh4 Bxf3 16. Qxf3 Qxd4 17. Bg3 Qg4 18. Qxg4 Nxg4 19. b4 Nb7 20. Bd5 exd5 21. Rxe7 Nd8 22. Nxd5 Ne6 23. h3 Nf6 24. Nxf6+ gxf6 25. Rd1 Rfe8 26. Rxe8+ Rxe8 27. Rd7 Ra8 28. Rb7 Nd8 29. Rd7 b5 30. Rd5 a6 31. Rf5 Kg7 32. Bh4 Ne6 33. Bxf6+ Kg6 34. g4 Ra7 35. Be5 Rd7 36. Rf6+ Kh7 37. f4 Nd4 38. Bxd4 Rxd4 39. Rxf7+ Kg6 40. Ra7 Rxf4 41. Rxa6+ Kg5 42. Rb6 Rf3 43. Rxb5+ Kh4 44. Kg2 Rg3+ 45. Kf2 1-0

[Event "USA tt"]
[Site "ICC INT"]
[Date "2014.10.15"]
[Round "8"]
[White "Adamson, Robby"]
[Black "Korba, Nicky"]
[Result "1-0"]
[WhiteElo "2265"]
[BlackElo "2079"]
[PlyCount "125"]
[EventDate "2014.08.26"]
[EventType "team-tourn"]
[EventRounds "10"]
[EventCountry "USA"]
[SourceTitle "EXT 2015"]
[Source "ChessBase"]
[SourceDate "2014.11.20"]
[SourceVersion "1"]
[SourceVersionDate "2014.11.20"]
[SourceQuality "1"]
[WhiteTeam "Arizona"]
[BlackTeam "Los Angeles"]
[WhiteTeamCountry "USA"]
[BlackTeamCountry "USA"]

1. e4 e6 2. d4 d5 3. Nc3 Bb4 4. exd5 exd5 5. Bd3 Nc6 6. a3 Bxc3+ 7. bxc3 Nf6 8. Qf3 h6 9. h3 0-0 10. Ne2 Re8 11. 0-0 Na5 12. Ng3 Nc4 13. Bf4 Nd6 14. Rfe1 Bd7 15. Be5 Nde4 16. Bxe4 Nxe4 17. Nxe4 dxe4 18. Rxe4 f6 19. Bf4 Rxe4 20. Qxe4 c6 21. c4 Qe8 22. Qd3 Qe6 23. c5 b5 24. cxb6 axb6 25. c4 Ra4 26. Rc1 Qe7 27. c5 b5 28. Bd2 Be6 29. Re1 Qd7 30. Bxh6 Rxd4 31. Qg6 Qf7 32. Qxg7+ Qxg7 33. Bxg7 Kf7 34. Bh6 Rc4 35. Rc1 Ra4 36. Rc3 b4 37. axb4 Rxb4 38. Be3 f5 39. Bg5 Kg6 40. Rg3 Rc4 41. Be7+ Kf7 42. Bd6 Rc1+ 43. Kh2 Rc2 44. Rf3 Kg6 45. Rf4 Kg5 46. Kg3 Rc3+ 47. f3 Rc2 48. Rd4 Bc4 49. Bf4+ Kg6 50. Rd2 Rxd2 51. Bxd2 Bd3 52. Kh4 Be2 53. Kg3 Bd3 54. Kf2 Bb5 55. g4 Ba6 56. h4 fxg4 57. fxg4 Bc8 58. Kg3 Be6 59. h5+ Kh7 60. Bc3 Bf7 61. Kh4 Be8 62. g5 Kg8 63. g6 1-0

[Event "USA tt"]
[Site "ICC INT"]
[Date "2014.08.26"]
[Round "1"]
[White "Korba, Nicky"]
[Black "Vaidya, Atulya"]
[Result "0-1"]
[WhiteElo "2079"]
[BlackElo "1987"]
[PlyCount "94"]
[EventDate "2014.08.26"]
[EventType "team-tourn"]
[EventRounds "10"]
[EventCountry "USA"]
[SourceTitle "CBM 162 Extra"]
[Source "ChessBase"]
[SourceDate "2014.10.17"]
[SourceVersion "1"]
[SourceVersionDate "2014.10.17"]
[SourceQuality "1"]
[WhiteTeam "Los Angeles"]
[BlackTeam "Dallas"]
[WhiteTeamCountry "USA"]
[BlackTeamCountry "USA"]

1. Nf3 Nf6 2. g3 g6 3. b3 Bg7 4. Bb2 d6 5. d4 b6 6. c4 0-0 7. Bg2 Bb7 8. d5 c6 9. dxc6 Bxc6 10. 0-0 Nbd7 11. Nbd2 Qc7 12. Qc2 Rfd8 13. Rfe1 Nc5 14. Nh4 Bxg2 15. Nxg2 d5 16. cxd5 Nxd5 17. Bxg7 Kxg7 18. b4 Ne6 19. Qb2+ Qc3 20. Qxc3+ Nxc3 21. Nf3 a5 22. bxa5 Rxa5 23. Ne3 b5 24. Kf1 b4 25. Nc2 Rb8 26. Nd2 g5 27. Rec1 Rxa2 28. Rxa2 Nxa2 29. Rb1 Nc5 30. Rb2 b3 31. Nd4 e5 32. Nf5+ Kf6 33. Ne3 Nc3 34. Ke1 N3a4 35. Rb1 h5 36. f3 Ke6 37. g4 hxg4 38. fxg4 b2 39. Nd1 Rb4 40. h3 Kf6 41. e3 Nb7 42. Ke2 Nd6 43. Kd3 Nb5 44. Nc4 Nc5+ 45. Ke2 Rxc4 46. Rxb2 Nd6 47. Rb6 Rc2+ 0-1

[Event "US Open-115"]
[Site "Orlando"]
[Date "2014.08.03"]
[Round "9"]
[White "Tarjan, James Edward"]
[Black "Korba, Nicky"]
[Result "1-0"]
[WhiteElo "2525"]
[BlackElo "2079"]
[PlyCount "91"]
[EventDate "2014.07.26"]
[EventType "swiss"]
[EventRounds "9"]
[EventCountry "USA"]
[SourceTitle "CBM 161 Extra"]
[Source "ChessBase"]
[SourceDate "2014.08.29"]
[SourceVersion "1"]
[SourceVersionDate "2014.08.29"]
[SourceQuality "1"]

1. Nf3 c5 2. c4 Nc6 3. Nc3 g6 4. e3 Nf6 5. d4 cxd4 6. exd4 d5 7. cxd5 Nxd5 8. Qb3 Nxc3 9. Bc4 Nd5 10. Bxd5 e6 11. Bxc6+ bxc6 12. 0-0 Qb6 13. Be3 Rb8 14. Ne5 Qxb3 15. axb3 Bd6 16. Rfc1 Bxe5 17. dxe5 0-0 18. Rxc6 Rxb3 19. Rxa7 Rxb2 20. h3 Bb7 21. Rc7 Rb8 22. Bc5 h5 23. h4 Bd5 24. Rxf7 R2b7 25. Rf6 Rxa7 26. Bxa7 Rb1+ 27. Kh2 Kg7 28. Rf4 Rb7 29. Ra4 Rc7 30. Be3 Rd7 31. Bg5 Rc7 32. Kg3 Kg8 33. f3 Kf7 34. Bf6 Kg8 35. Ra6 Kf7 36. Rd6 Bc6 37. Kf4 Be8 38. Rb6 Rd7 39. Kg5 Rc7 40. Rb8 Rc2 41. Rb7+ Kg8 42. Kh6 Kf8 43. Be7+ Kg8 44. Bd6 Rc8 45. Rg7+ Kh8 46. Re7 1-0

[Event "Pacific Southwest op 54th"]
[Site "Los Angeles"]
[Date "2014.07.05"]
[Round "3"]
[White "Kretchetov, Alexandre"]
[Black "Korba, Nicky"]
[Result "1-0"]
[WhiteElo "2278"]
[BlackElo "2024"]
[PlyCount "55"]
[EventDate "2014.07.04"]
[EventType "swiss"]
[EventRounds "6"]
[EventCountry "USA"]
[SourceTitle "CBM 161 Extra"]
[Source "ChessBase"]
[SourceDate "2014.08.29"]
[SourceVersion "1"]
[SourceVersionDate "2014.08.29"]
[SourceQuality "1"]

1. d4 e6 2. c4 f5 3. g3 Nf6 4. Bg2 Be7 5. Nf3 d6 6. 0-0 0-0 7. Nc3 a5 8. Qc2 Nc6 9. a3 e5 10. dxe5 dxe5 11. Rd1 Qe8 12. Nb5 Qh5 13. Nxc7 Bc5 14. Nxa8 f4 15. b4 axb4 16. axb4 Nxb4 17. Qb3 Ng4 18. Ra5 Bxf2+ 19. Kf1 fxg3 20. hxg3 Qh2 21. e4 Qxg3 22. Qxb4 Nh2+ 23. Ke2 Qxg2 24. Qxf8+ Kxf8 25. Rd8+ Kf7 26. Nxe5+ Kf6 27. Rf8+ Ke6 28. Rxf2 1-0

[Event "Los Angeles Metropolitan 29th"]
[Site "Los Angeles"]
[Date "2013.08.16"]
[Round "5"]
[White "Korba, Nicky"]
[Black "Krishnan, Varun"]
[Result "1-0"]
[WhiteElo "2020"]
[BlackElo "2244"]
[PlyCount "116"]
[EventDate "2013.08.14"]
[EventType "tourn"]
[EventRounds "9"]
[EventCountry "USA"]
[EventCategory "1"]
[SourceTitle "CBM 156 Extra"]
[Source "ChessBase"]
[SourceDate "2013.10.22"]
[SourceVersion "1"]
[SourceVersionDate "2013.10.22"]
[SourceQuality "1"]

1. e4 c5 2. Nf3 Nc6 3. d4 cxd4 4. Nxd4 Nf6 5. Nc3 d6 6. h3 e5 7. Nf3 Be7 8. Bc4 Be6 9. Bb3 0-0 10. 0-0 h6 11. Qe2 Rc8 12. Rd1 a6 13. Bd2 Na5 14. Be1 Qc7 15. Nd5 Nxd5 16. Bxd5 Nc4 17. b3 Nb6 18. Ba5 Bd8 19. c4 Qe7 20. Bxb6 Bxb6 21. Rd3 Bxd5 22. Rxd5 f5 23. Nd2 Bd4 24. Rd1 Rc5 25. b4 Rxd5 26. exd5 Bc3 27. a3 a5 28. bxa5 Bxa5 29. Nb3 Bb6 30. c5 Bxc5 31. Nxc5 dxc5 32. d6 Qe6 33. Qb5 c4 34. d7 Rd8 35. Qxb7 c3 36. Qc7 Qe7 37. Qxc3 f4 38. f3 e4 39. Qc4+ Kh8 40. fxe4 Qxa3 41. Qc7 Qe7 42. e5 f3 43. gxf3 Kh7 44. Kf1 Qh4 45. e6 Qxh3+ 46. Kf2 Rf8 47. Qc2+ g6 48. Qe4 Qh2+ 49. Ke3 Rb8 50. d8Q Rb3+ 51. Qdd3 Rxd3+ 52. Rxd3 Qg1+ 53. Kd2 Qg5+ 54. f4 Qa5+ 55. Ke3 Qc5+ 56. Qd4 Qc1+ 57. Ke4 Qh1+ 58. Ke5 Qe1+ 1-0

[Event "Los Angeles Metropolitan 29th"]
[Site "Los Angeles"]
[Date "2013.08.14"]
[Round "1"]
[White "Korba, Nicky"]
[Black "Peters, Jack"]
[Result "0-1"]
[WhiteElo "2020"]
[BlackElo "2360"]
[PlyCount "82"]
[EventDate "2013.08.14"]
[EventType "tourn"]
[EventRounds "9"]
[EventCountry "USA"]
[EventCategory "1"]
[SourceTitle "CBM 156 Extra"]
[Source "ChessBase"]
[SourceDate "2013.10.22"]
[SourceVersion "1"]
[SourceVersionDate "2013.10.22"]
[SourceQuality "1"]

1. e4 c5 2. Nf3 Nc6 3. d4 cxd4 4. Nxd4 e6 5. Nc3 d6 6. g3 a6 7. Bg2 Nge7 8. Nb3 Bd7 9. Bf4 Nc8 10. Qe2 Be7 11. a4 0-0 12. 0-0 Ne5 13. Be3 Qc7 14. f4 Nc4 15. Bc1 Bf6 16. Rf3 Rb8 17. g4 g6 18. g5 Bg7 19. f5 Be5 20. Rh3 b5 21. axb5 axb5 22. f6 Bxc3 23. bxc3 e5 24. Rh6 d5 25. Qe1 Qb6+ 26. Kh1 Bg4 27. Qh4 Bh5 28. Rxh5 gxh5 29. Qxh5 Kh8 30. exd5 N8d6 31. Qe2 Ra8 32. Rxa8 Rxa8 33. h4 Ra2 34. Qh5 Qd8 35. Qe2 Qc8 36. g6 hxg6 37. Be3 Qf5 38. Bc5 Rxc2 39. Qf1 Qxf1+ 40. Bxf1 Rxc3 41. Bxd6 Nxd6 0-1